Mid-Year Review of the Economy 1997-98 (Record no. 54548)

MARC details
000 -LEADER
fixed length control field 00413nam a2200145Ia 4500
008 - FIXED-LENGTH DATA ELEMENTS--GENERAL INFORMATION
fixed length control field 211109s9999||||xx |||||||||||||| ||und||
082 ## - DEWEY DECIMAL CLASSIFICATION NUMBER
Classification number 330.954005
Item number BAR-M
100 ## - MAIN ENTRY--PERSONAL NAME
Personal name Baru, Sanjaya
245 #0 - TITLE STATEMENT
Title Mid-Year Review of the Economy 1997-98
260 ## - PUBLICATION, DISTRIBUTION, ETC.
Name of publisher, distributor, etc. Konark Publishing
Place of publication, distribution, etc. Delhi
Date of publication, distribution, etc. 1998
300 ## - PHYSICAL DESCRIPTION
Extent 104p.
630 ## - SUBJECT ADDED ENTRY--UNIFORM TITLE
General subdivision General Stack
650 ## - SUBJECT ADDED ENTRY--TOPICAL TERM
Topical term or geographic name entry element India
942 ## - ADDED ENTRY ELEMENTS (KOHA)
Koha item type BOOK
650 ## - SUBJECT ADDED ENTRY--TOPICAL TERM
Form subdivision Economic history
General subdivision Economic policyEconomics
Holdings
Withdrawn status Lost status Damaged status Not for loan Home library Current library Date acquired Cost, normal purchase price Total Checkouts Full call number Barcode Shelving location Date last seen Price effective from Koha item type
        SB LIBRARY SB LIBRARY 09/11/2021 100.00   330.954005 BAR-M 00097001 GENERAL STACK 09/11/2021 09/11/2021 BOOK

Powered by Koha